DISORDER OF THE SHOULDER DIAGNOSIS AND MANAGEMENT SPORTS INJURIES VOL.II + ONLINE (Record no. 800960)

MARC details
000 -LEADER
fixed length control field 00455pam a2200157 a 4500
020 ## - INTERNATIONAL STANDARD BOOK NUMBER
International Standard Book Number 9781451130584
Terms of availability
041 ## - LANGUAGE CODE
Language code of original
082 ## - DEWEY DECIMAL CLASSIFICATION NUMBER
Classification number 617.3
Item number IAN / WIL
100 ## - MAIN ENTRY--PERSONAL NAME
Personal name IANNOTTI J.P.,WILLIAMS G.R.
245 ## - TITLE STATEMENT
Title DISORDER OF THE SHOULDER DIAGNOSIS AND MANAGEMENT SPORTS INJURIES VOL.II + ONLINE
Medium Textual Documents
250 ## - EDITION STATEMENT
Edition statement 3.
260 ## - PUBLICATION, DISTRIBUTION, ETC.
Name of publisher, distributor, etc. JAYPEE BROTHERS MEDICAL PUB.
Date of publication, distribution, etc. 2014
300 ## - PHYSICAL DESCRIPTION
Extent 554:
Other physical details XV;
Dimensions HB+
Accompanying material ONLINE .
650 ## - SUBJECT ADDED ENTRY--TOPICAL TERM
Topical term or geographic name entry element ORTHO
930 ## - EQUIVALENCE OR CROSS-REFERENCE-UNIFORM TITLE HEADING [LOCAL, CANADA]
Uniform title 6433
Holdings
Withdrawn status Lost status Damaged status Not for loan Collection Home library Current library Date acquired Source of acquisition Cost, normal purchase price Total Checkouts Full call number Barcode Date due Date last seen Date last checked out Copy number Price effective from Koha item type
          Medical College & Hospital, Sangli Medical College & Hospital, Sangli 05/12/2014 B.M.S.G.B.PUNE 10514.00 1 617.3 IAN / WIL MCS-11873 01/10/2043 06/10/2023 06/10/2023 1 26/07/2023 Book